000 00255nam a22001217a 4500
008 170316b xxu||||| |||| 00| 0 eng d
041 _aeng
080 _a611
100 _a7
101 _aSHM
245 _aANATOMY THE HUMAN BODY
_cGRAY.H
942 _2udc
_cBK
999 _c7961
_d7961